La llamada de la habana (Record no. 161894)

MARC details
000 -LÍDER
campo de controle de tamanho fixo 00341 a2200157 4500
001 - NÚMERO DE CONTROLE
campo de controle 161894
020 ## - ISBN - INTERNATIONAL STANDARD BOOK NUMBER
ISBN - International Standard Book Number 978-84-8443-132-9
040 ## - FONTE DA CATALOGAÇÃO
Instituição que transcreveu o registro Magnum
100 ## - ENTRADA PRINCIPAL--NOME PESSOAL
Nome pessoal Sans, Neus
240 10 - TÍTULO UNIFORME
Título uniforme La llamada de la habana
Idioma da obra ESP
245 10 - TÍTULO
Título La llamada de la habana
300 ## - DESCRIÇÃO FÍSICA
Extensão 46
362 0# - DATAS DE PUBLICAÇÃO E/OU DESIGNAÇÃO SEQUENCIAL
Datas de publicação e/ou designação sequencial 2009
697 ## - ENTRADA DE ASSUNTO LOCAL--ENTIDADE COLETIVA (RLIN)
Nome corporativo ou nome da jurisdição LITERATURA ESPANHOLA
942 ## - ELEMENTOS DE ENTRADA ADICIONADOS (KOHA)
Tipo de material Koha Livros
Holdings
Situação do descarte Situação das perdas Situação física Não pode ser emprestado Biblioteca de origem Biblioteca atual Data de aquisição Total de empréstimos Número de chamada completo Código de barras Data de último acesso Data do preço efetivo Tipo de material Koha
        Magnum Magnum 08/06/2024   863.84 MAG00004521 08/06/2024 08/06/2024 Livros
        Magnum Magnum 08/06/2024   863.84 MAG00004522 08/06/2024 08/06/2024 Livros
        Magnum Magnum 08/06/2024   863.84 MAG00004523 08/06/2024 08/06/2024 Livros
        Magnum Magnum 08/06/2024   863.84 MAG00004524 08/06/2024 08/06/2024 Livros